000 01219cam a22002651i 4500
003 OSt
005 20250101064919.0
008 241225s1987 ua g b 00010 ara c
040 _aSA-RiAUC
_bara
_cSA-RiAUC
_dSA-MaUQU
_erda
082 0 4 _a267
_qSA-RiAUC
090 _a267
_b ح م د
100 1 _aحمد الخطابي، حمد بن محمد بن إبراهيم،
_d319-388 هجري
_eمؤلف.
245 1 2 _aالعزلة /
_cللحافظ أبي سليمان بن حمد بن محمد بن إبراهيم الخطابي البستي ؛ تحقيق عادل عبد الموجود ؛ مراجعة محمود الزناري.
264 1 _aالقاهرة :
_bمكتبة الزهراء،
_c1987
300 _a134 صفحة ؛
_c24 سم
336 _aنص
_btxt
_2rdacontent
_3كتاب
337 _aبدون وسيط
_bn
_2rdamedia
338 _aمجلد
_bnc
_2rdacarrier
504 _aيشتمل على إرجاعات ببليوجرافية.
650 7 _aالخلوة والعزلة (تصوف إسلامي)
_2aucsh
700 1 _aعبد الموجود، عادل أحمد
_eمحقق.
700 1 _aالزناري، محمود محمد
_eمراجع.
942 _2ddc
_cBOOK
_n0
949 _aSA-JeALM
_d241225
_umohamedma123
_n1
999 _c4231
_d4231